Statistics for Name the Soccer Player

Click here to take the quiz!

General Stats

  • This quiz has been taken 1,456 times
  • The average score is 13 of 15

Answer Stats

HintAnswer% Correct
Manchester United & Real Madrid are the Clubs that lead to his fameCristiano Ronaldo
98%
Tottenham Hotspur sold him for a club record to Real MadridGareth Bale
95%
Argentine footballer who plays for FC Barcelona. Known as one of the best footballers of all time and has 4 Ballon d'Or titles to his name!Lionel Messi
95%
This Argentinian scored the Goal that led to Manchester City winning the Premier League Title in 2011–12Sergio Agüero
89%
Manchester United, Real Madrid & Los Angeles Galaxy are among the Football clubs he played forDavid Beckham
88%
French International who played attacking midfielder for the French national team, Juventus and Real Madrid. He retired in 2006 and his last match was the World Cup final vs Italy.Zinedine Zidane
88%
Spanish international playing for Barcelona all his life. Scored the winner for Spain in the World Cup Final against Holland.Andres Iniesta
85%
Brother of Kolo. This Ivorian currently plays for Manchester CityYaya Touré
84%
Transferred to Liverpool from Ajax in 2011Luis Suárez
82%
A Spanish footballer who plays as a striker for Chelsea and the Spain national team. He moved to Chelsea from rivals Liverpool for a sum of £50 MillionFernando Torres
82%
Left Arsenal to rivals Manchester United and helped United win the league in his first season thereRobin van Persie
79%
A starlet at Everton, he is now at Manchester UnitedWayne Rooney
78%
This Brazilian went from PSG to Barcelona where he made a name for himself and is reguared as one of the best players of his timeRonaldinho
72%
This Brazilian mad his name at AC Milan. Know for his passion for religion. Went to Real Madrid after his time in Italy at Milan.Kaka
72%
This Dutch international was known for wearing glasses with orange lenses while playingEdgar Davids
64%

Score Distribution

Percentile by Number Answered

Percent of People with Each Score

Your Score History

You have not taken this quiz